| 000 | 00480nam a2200181Ia 4500 | ||
|---|---|---|---|
| 001 | 8599 | ||
| 005 | 20260306160621.0 | ||
| 008 | 260306t2005||||xx |||||||||||||| ||spa|| | ||
| 041 | _aESP | ||
| 082 |
_a371.2 _bC78A |
||
| 100 |
_aCorrea de Molina, Cecilia _eAUT |
||
| 245 | 0 | _aAdministración estratégica y calidad integral en las instituciones educativas | |
| 260 | _c2005 | ||
| 300 |
_a203 páginas : _c24 cm. |
||
| 650 | _aGEN | ||
| 654 | _aCED | ||
| 942 |
_cLIB _dJUS _fJUS _2ddc _n |
||
| 999 |
_c8599 _d8599 |
||